天外金球
| 資料類型: | 圖書 | 書目號: | 48955 |
Leader xxxxxxxxxx 001 __ PCLIS00048955 005 __ 19960813191651.0008 010 0_ |a9573900602|b平裝|dNT$100 042 __ |anbi9801aas 090 __ |a(nbi)b15996001 100 __ |a19920612d1987 bb 1chiy0109 e 101 __ |a 102 __ |atw 105 __ |afyyyzzzz000ay 200 1_ |a天外金球|e|f倪匡著 205 __ |a六版 210 __ |a臺北市|c遠景|d民76 215 0_ |a258面, 彩圖版[2]葉|c|d19公分 225 0_ |a遠景叢刊|v178 225 0_ |a倪匡科幻小說全集|v11 300 __ |a 681 __ |a857.7 700 _1 |a倪|b匡|f1935-|4著|3NO000211426 702 __ |a|b|4 801 _0 |bTML |